Natural systems for water pollution control (Record no. 78732)

MARC details
000 -LEADER
fixed length control field 00553nam a2200121 a 4500
008 - FIXED-LENGTH DATA ELEMENTS--GENERAL INFORMATION
fixed length control field 120416s9999 xx |||||||||||||| || u
050 ## - LIBRARY OF CONGRESS CALL NUMBER
Classification number TD 743 Din
100 ## - MAIN ENTRY--PERSONAL NAME
Personal name Dinges, Ray
245 10 - TITLE STATEMENT
Title Natural systems for water pollution control
350 ## -
-- 0.00
995 ## -
-- MAIN LIBRARY OPEN ACCESS
-- 0.00
-- 719293
-- CBU-MAIN LIBRARY (Kitwe)
-- 1
-- 22.50
-- TD 743 Din
-- AVAILABLE
-- 015758
-- Main Library Open Access Collection
995 ## -
-- BINDERY (DAMAGED)
-- 0.00
-- 720802
-- CBU-MAIN LIBRARY (Kitwe)
-- 2
-- 22.50
-- TD 743 Din
-- DAMAGED
-- 015759
-- Main Library Open Access Collection
999 ## -
-- 78732
-- 78732
Holdings
Withdrawn status Lost status Source of classification or shelving scheme Damaged status Not for loan Permanent Location Current Location Shelving location Date acquired Total Checkouts Full call number Barcode Date last seen Copy number Price effective from Koha item type
          CBU-MAIN LIBRARY, KITWE. CBU-MAIN LIBRARY, KITWE.   06/06/2023   TD 743 Din 015758 06/06/2023 1 06/06/2023 MONOGRAPH
          CBU-MAIN LIBRARY, KITWE. CBU-MAIN LIBRARY, KITWE.   06/06/2023   TD 743 Din 015759 06/06/2023 2 06/06/2023 MONOGRAPH